000 00957nas a2200337 4500
001 BR2011008010
003 BR-BrBNA
005 20231205115837.0
007 ta
008 230509b bl.|||p| |||| 00| 00por d
040 _aBR-BrBNA
_bpor
_cBiblioteca Nacional de Agricultura
041 _a(En)
072 _aF30
100 1 _aDanner, M.A.
100 1 _aCitadin, I.
100 1 _aSasso, S.A.Z.
100 1 _aSachet, M.R.
100 1 _aMazaro, S.M.
245 1 _aGermplasm characterization of three jabuticaba tree species
650 _aJABUTICABA
650 _aFRUTA TROPICAL
650 _aBANCO DE GERMOPLASMA
650 _aGENÓTIPO
650 _aVARIAÇÃO GENÉTICA
650 _aFRUTO
650 _aQUALIDADE
650 _aFENOLOGIA
773 0 _tRevista Brasileira de Fruticultura (Brazil)
_xISSN 0100 2945
_g(Sep 2011), v. 33(3) p. 839-848
_wBR2011008010
909 _a202311
_bLúcia
_c55
_dLúcia Elande
942 _2AGRIS
_n0
_cANA
999 _c215981
_d215981